000 00213nam a22000857a 4500
008 170209b xxu||||| |||| 00| 0 eng d
100 _92819
_aMurty.S
245 _aThe Magic Drurnad Other
260 _aIndia
_bPenguin
_c2016
999 _c6034
_d6034